| 000 | 00967nam a2200301 4500 | ||
|---|---|---|---|
| 003 | OSt | ||
| 005 | 20260601171014.0 | ||
| 008 | 260505b2021\\\\nyua||||\||||\00|\0\eng\d | ||
| 020 | _a9781872005539 | ||
| 040 |
_aICI _bspa _cICI |
||
| 041 | _aeng | ||
| 050 |
_aNK4700 _bW66 |
||
| 100 |
_aPowis, Alex, _eeditor _933574 |
||
| 245 | 1 |
_aSneakers Unboxed : _bStudio to Street / _cPowis, Alex |
|
| 264 |
_aLondon : _bDesign Museum , _c2021 |
||
| 300 |
_a187 páginas : _bilustraciones |
||
| 336 |
_2rdacontent _atexto |
||
| 337 |
_2rdamedia _asin medio |
||
| 338 |
_2rdacarrier _avolumen |
||
| 500 | _aPublicado con motivo de la exposición "Sneakers Unboxed: Studio to Street" | ||
| 650 |
_aCalzado deportivo _xDiseño _933575 |
||
| 650 |
_aTenis deportivos _xHistoria _933576 |
||
| 650 | _aDiseño de moda | ||
| 650 |
_aCultura urbana _933578 |
||
| 650 |
_aDiseño industrial contemporáneo _933579 |
||
| 655 |
_2local _aCatálogos de exposición |
||
| 942 |
_2ddc _n1 _cB |
||
| 999 |
_c20611 _d20611 |
||